Acteurs et actrices des années 1980 par images #2 - Statistiques

Statistiques générales
  • Ce quiz a été pris 161 fois
  • Le résultat moyen est 9 sur 20
Statistiques - réponses
Par images Réponse % Correct
Michel Blanc
87%
Christian Clavier
86%
Robin Williams
86%
Jacques Villeret
75%
Anémone
62%
Sigourney Weaver
60%
Carole Bouquet
54%
Miou-Miou
51%
Michael J. Fox
47%
Susan Sarandon
41%
Mark Hamill
40%
Timothy Dalton
40%
Carrie Fisher
38%
Jean Poiret
31%
Mickey Rourke
30%
Kim Basinger
28%
Valérie Kaprisky
16%
William Hurt
10%
Elizabeth McGovern
7%
Marlee Matlin
4%
Aucun quiz correspondant
Distribution des résultats
% des personnes avec chaque résultat
Percentile par nombre de réponses
Votre historique - résultats
Vous n’avez pas pris ce quiz